La casa grande
Gespeichert in:
| 1. Verfasser: | |
|---|---|
| Format: | Buch |
| Sprache: | Spanisch |
| Veröffentlicht: |
Buenos Aires
Jorge Alvarez
1967
|
| Schriftenreihe: | Colección Narradores Americanos
|
| Schlagworte: | |
| Tags: |
Tag hinzufügen
Keine Tags, Fügen Sie den ersten Tag hinzu!
|
MARC
| LEADER | 00000nam a2200000 a 4500 | ||
|---|---|---|---|
| 001 | UCQ6660 | ||
| 003 | CL-VaPUC | ||
| 008 | 981016e19670000AG |||||||||||||||||spa|d | ||
| 082 | 0 | 4 | |a Co863 |b CEP |2 21 |
| 100 | 0 | |a Cepeda Samudio, Alvaro |e author |9 420519 | |
| 245 | 1 | 3 | |a La casa grande |
| 300 | |a 156 p | ||
| 942 | |c BK | ||
| 945 | |d 19981016 00:00:00 |a lriquelm | ||
| 260 | |a Buenos Aires |b Jorge Alvarez |c 1967 | ||
| 650 | 0 | |a Literatura colombiana |9 315578 | |
| 650 | 0 | |a Novelas colombianas |9 266734 | |
| 583 | |a last modification |c 19981016 00:00:00 |k Rodrigo Vera | ||
| 490 | 0 | |a Colección Narradores Americanos | |
| 999 | |c 276605 |d 276603 | ||
| 952 | |0 0 |1 0 |4 0 |6 CO_863_000000000000000_CEP_1967 |7 0 |8 A |9 313912 |a BIBEDU |b BIBEDU |d 2019-11-20 |i 1485024 |o Co863 CEP 1967 |p 1485024 |r 2019-11-20 |w 2019-11-20 |y BK |k LIT | ||